00554nam a2200169Ia 450000500170000000800410001702000150005808200130007310000150008624500600010126000560016130000130021765000380023094200060026895200950027499900150036920250317012345.0240331s9999 xx 000 0 und d a955952427X bDEMa800 aDe Mel,L.P 0aBadu ugas gannage birinda saha thawath japan keti katha aBorelsgamuwabPrapputha Publishers ( Pvt) Ltdc1990 a129 p ., aJapanese Translated Short Stories cL 001040708LaWERCLbWERCLcSSCd2024-03-31l0o 800 DEMp1442r2024-03-31w2024-03-31yL c5229d5229